000 00421nam a2200157Ia 4500
008 230711s9999||||xx |||||||||||||| ||und||
041 _aENG
082 _a621.381
_bBA-E
100 _aBapat,YN
245 0 _aElectronic circuits and systems : analog and digital
250 _a1st Ed.
260 _c1992
_aNew Delhi
_bTata McGraw Hill Education Limited
300 _a447
650 _aElectronics Engineering
942 _cBK
999 _c1867
_d1867